<?xml version="1.0" encoding="UTF-8"?><marc:collection xmlns:marc="http://www.loc.gov/MARC21/slim">
  <marc:record>
    <marc:leader>00000nam  2200000zi 4500</marc:leader>
    <marc:controlfield tag="001">9.952993</marc:controlfield>
    <marc:controlfield tag="003">CaOODSP</marc:controlfield>
    <marc:controlfield tag="005">20250826091524</marc:controlfield>
    <marc:controlfield tag="006">m     o  d f      </marc:controlfield>
    <marc:controlfield tag="007">cr mn|||||||||</marc:controlfield>
    <marc:controlfield tag="008">250708t20252025onc     o    f000 0 fre d</marc:controlfield>
    <marc:datafield tag="020" ind1=" " ind2=" ">
      <marc:subfield code="a">9780660780535</marc:subfield>
    </marc:datafield>
    <marc:datafield tag="040" ind1=" " ind2=" ">
      <marc:subfield code="a">CaOODSP</marc:subfield>
      <marc:subfield code="b">fre</marc:subfield>
      <marc:subfield code="e">rda</marc:subfield>
      <marc:subfield code="c">CaOODSP</marc:subfield>
    </marc:datafield>
    <marc:datafield tag="043" ind1=" " ind2=" ">
      <marc:subfield code="a">n-cn---</marc:subfield>
    </marc:datafield>
    <marc:datafield tag="045" ind1=" " ind2=" ">
      <marc:subfield code="a">y2y2</marc:subfield>
    </marc:datafield>
    <marc:datafield tag="086" ind1="1" ind2=" ">
      <marc:subfield code="a">H14-659/2025F-PDF</marc:subfield>
    </marc:datafield>
    <marc:datafield tag="245" ind1="0" ind2="0">
      <marc:subfield code="a">Enquête sur la couverture vaccinale contre les infections respiratoires saisonnières, 2024-2025 : </marc:subfield>
      <marc:subfield code="b">rapport / </marc:subfield>
      <marc:subfield code="c">préparé pour l'Agence de la santé publique du Canada.</marc:subfield>
    </marc:datafield>
    <marc:datafield tag="264" ind1=" " ind2="1">
      <marc:subfield code="a">[Ottawa] : </marc:subfield>
      <marc:subfield code="b">Agence de la santé publique du Canada = Public Health Agency of Canada, </marc:subfield>
      <marc:subfield code="c">2025.</marc:subfield>
    </marc:datafield>
    <marc:datafield tag="264" ind1=" " ind2="4">
      <marc:subfield code="c">©2025</marc:subfield>
    </marc:datafield>
    <marc:datafield tag="300" ind1=" " ind2=" ">
      <marc:subfield code="a">1 ressource en ligne (50 pages)</marc:subfield>
    </marc:datafield>
    <marc:datafield tag="336" ind1=" " ind2=" ">
      <marc:subfield code="a">texte</marc:subfield>
      <marc:subfield code="b">txt</marc:subfield>
      <marc:subfield code="2">rdacontent/fre</marc:subfield>
    </marc:datafield>
    <marc:datafield tag="337" ind1=" " ind2=" ">
      <marc:subfield code="a">informatique</marc:subfield>
      <marc:subfield code="b">c</marc:subfield>
      <marc:subfield code="2">rdamedia/fre</marc:subfield>
    </marc:datafield>
    <marc:datafield tag="338" ind1=" " ind2=" ">
      <marc:subfield code="a">ressource en ligne</marc:subfield>
      <marc:subfield code="b">cr</marc:subfield>
      <marc:subfield code="2">rdacarrier/fre</marc:subfield>
    </marc:datafield>
    <marc:datafield tag="500" ind1=" " ind2=" ">
      <marc:subfield code="a">Publié aussi en anglais sous le titre : Seasonal respiratory vaccination coverage survey, 2024-2025: report.</marc:subfield>
    </marc:datafield>
    <marc:datafield tag="500" ind1=" " ind2=" ">
      <marc:subfield code="a">« Numéro de contrat : CW2380590. »</marc:subfield>
    </marc:datafield>
    <marc:datafield tag="500" ind1=" " ind2=" ">
      <marc:subfield code="a">« Préparé par : Léger. »</marc:subfield>
    </marc:datafield>
    <marc:datafield tag="500" ind1=" " ind2=" ">
      <marc:subfield code="a">« Date de livraison : 31 mars 2025. »</marc:subfield>
    </marc:datafield>
    <marc:datafield tag="500" ind1=" " ind2=" ">
      <marc:subfield code="a">« Numéro d'enregistrement : POR 069-24. »</marc:subfield>
    </marc:datafield>
    <marc:datafield tag="520" ind1=" " ind2=" ">
      <marc:subfield code="a">« Léger a le plaisir de présenter à l'Agence de la santé publique du Canada (ASPC) ce rapport méthodologique d'une enquête quantitative évaluant la couverture vaccinale contre la grippe saisonnière, la COVID-19 et le virus respiratoire syncytial au sein de la population canadienne. … L'objectif principal de la recherche est de fournir des estimations de la couverture vaccinale nationale pour le vaccin contre la grippe saisonnière. Plus précisément, l'enquête sera utilisée pour : évaluer les connaissances, les attitudes et les croyances des adultes à l'égard du vaccin contre la grippe saisonnière; connaître les raisons de la vaccination ou de la non-vaccination; déterminer les lieux de vaccination (pharmacie, cabinet médical ou centre de vaccination); cerner les facteurs associés à la vaccination; mesurer la couverture du vaccin contre la COVID-19 et les attitudes à l'égard de l'administration concomitante des vaccins contre la grippe, la COVID-19 et le VRS; et évaluer les connaissances et la couverture vaccinale liées au vaccin contre le VRS. … » -- Sommaire, pages 4, 5-6.</marc:subfield>
    </marc:datafield>
    <marc:datafield tag="650" ind1=" " ind2="6">
      <marc:subfield code="a">Grippe</marc:subfield>
      <marc:subfield code="x">Vaccination</marc:subfield>
      <marc:subfield code="z">Canada</marc:subfield>
      <marc:subfield code="x">Opinion publique.</marc:subfield>
    </marc:datafield>
    <marc:datafield tag="650" ind1=" " ind2="6">
      <marc:subfield code="a">COVID-19</marc:subfield>
      <marc:subfield code="x">Vaccination</marc:subfield>
      <marc:subfield code="z">Canada</marc:subfield>
      <marc:subfield code="x">Opinion publique.</marc:subfield>
    </marc:datafield>
    <marc:datafield tag="650" ind1=" " ind2="6">
      <marc:subfield code="a">Appareil respiratoire</marc:subfield>
      <marc:subfield code="x">Infections</marc:subfield>
      <marc:subfield code="x">Vaccination</marc:subfield>
      <marc:subfield code="z">Canada</marc:subfield>
      <marc:subfield code="x">Opinion publique.</marc:subfield>
    </marc:datafield>
    <marc:datafield tag="650" ind1=" " ind2="6">
      <marc:subfield code="a">Vaccins antigrippaux</marc:subfield>
      <marc:subfield code="z">Canada</marc:subfield>
      <marc:subfield code="x">Opinion publique.</marc:subfield>
    </marc:datafield>
    <marc:datafield tag="650" ind1=" " ind2="6">
      <marc:subfield code="a">Vaccins contre la COVID-19</marc:subfield>
      <marc:subfield code="z">Canada</marc:subfield>
      <marc:subfield code="x">Opinion publique.</marc:subfield>
    </marc:datafield>
    <marc:datafield tag="650" ind1=" " ind2="6">
      <marc:subfield code="a">Vaccins antiviraux</marc:subfield>
      <marc:subfield code="z">Canada</marc:subfield>
      <marc:subfield code="x">Opinion publique.</marc:subfield>
    </marc:datafield>
    <marc:datafield tag="650" ind1=" " ind2="6">
      <marc:subfield code="a">Opinion publique</marc:subfield>
      <marc:subfield code="z">Canada.</marc:subfield>
    </marc:datafield>
    <marc:datafield tag="710" ind1="2" ind2=" ">
      <marc:subfield code="a">Agence de santé publique du Canada, </marc:subfield>
      <marc:subfield code="e">organisme de publication.</marc:subfield>
    </marc:datafield>
    <marc:datafield tag="710" ind1="2" ind2=" ">
      <marc:subfield code="a">Léger Marketing, </marc:subfield>
      <marc:subfield code="e">consultant.</marc:subfield>
    </marc:datafield>
    <marc:datafield tag="775" ind1="0" ind2="8">
      <marc:subfield code="t">Seasonal respiratory vaccination coverage survey, 2024-2025 : </marc:subfield>
      <marc:subfield code="w">(CaOODSP)9.952985</marc:subfield>
    </marc:datafield>
    <marc:datafield tag="856" ind1="4" ind2="0">
      <marc:subfield code="q">PDF</marc:subfield>
      <marc:subfield code="s">1.77 Mo</marc:subfield>
      <marc:subfield code="u">https://publications.gc.ca/collections/collection_2025/aspc-phac/H14-659-2025-fra.pdf</marc:subfield>
      <marc:subfield code="z">Rapport</marc:subfield>
    </marc:datafield>
    <marc:datafield tag="856" ind1="4" ind2=" ">
      <marc:subfield code="q">HTML</marc:subfield>
      <marc:subfield code="s">S.O.</marc:subfield>
      <marc:subfield code="u">https://epe.bac-lac.gc.ca/100/200/301/pwgsc-tpsgc/por-ef/public_health_agency_canada/2025/069-24-f/index.html</marc:subfield>
      <marc:subfield code="z">Ensemble de données complet</marc:subfield>
    </marc:datafield>
  </marc:record>
</marc:collection>
